| 000 | 00525nam a2200169Ia 4500 | ||
|---|---|---|---|
| 008 | 240428s9999||||xx |||||||||||||| ||und|| | ||
| 020 | _a9780854902149 | ||
| 041 | _aeng | ||
| 082 | _a340.115O | ||
| 100 | _aOppong, Frimpong. Richard - Agyebeng, Kissi | ||
| 245 | 2 | _aA commitment to law, development and public policy. | |
| 260 |
_bWildy, Simmonds and Hill Publishing _aLondon, England _c2016 |
||
| 300 | _axxiv, 699p, photos. | ||
| 650 | _aPublic policy (Law) - Law and economic development. | ||
| 942 | _cBK | ||
| 999 |
_c614 _d614 |
||